| 000 | 01745cam a22004814i 4500 | ||
|---|---|---|---|
| 003 | PE-LiUPU | ||
| 005 | 20250731173255.0 | ||
| 008 | 150625s r 000 0 d | ||
| 020 | _a1883925045 | ||
| 035 | _a(Sirsi) i9781883925048 | ||
| 040 |
_aPE-LiUPU _bspa _cPE-LiUPU _erda |
||
| 049 | _aPRUA | ||
| 082 | 0 | 4 |
_a286.732 _bB85 _221 |
| 100 | 1 |
_aBruinsma, Reinder, _eautor. |
|
| 245 | 1 | 0 |
_aSeventh-day adventist; Attitudes Toward Roman Catholicism / _cReinder Bruinsma. |
| 264 | 1 |
_aMichigan : _bAndrews University, _c1994. |
|
| 300 |
_a374 páginas ; _c22 cm. |
||
| 336 |
_atext _2rdacontent |
||
| 337 |
_aunmediated _2rdamedia |
||
| 338 |
_avolume _2rdacarrier |
||
| 504 | _aIncluye bibliografia. | ||
| 505 | 0 | _athe setting. - Millerism and catholicism. - Sabbatarian adventists and catholics. - Adventists and catholics:1863-1915. - Adventists and catholics:1915-1965. | |
| 526 | _aSEG42 | ||
| 526 | _aSEG41 | ||
| 526 | _aSEG40 | ||
| 526 | _aSEG39 | ||
| 526 | _aP94 | ||
| 526 | _aP87 | ||
| 526 | _aP86 | ||
| 526 | _aP85 | ||
| 526 | _aP77 | ||
| 526 | _aP76 | ||
| 526 | _aP35 | ||
| 541 | _19.99;. | ||
| 610 | 2 |
_aIASD _xRelaciones _xIglesia Catolica _y1844-1965 |
|
| 610 | 2 |
_aIlgesia Católica _xRelaciones _xIASD _y1844-1965. |
|
| 650 | 0 | 4 |
_aMovimiento millerita _xHistoria. |
| 942 |
_2ddc _cBOOK |
||
| 949 |
_a286.732 B85 _wDEWEY _c1 _i50946 _lCCODEBUL1 _mBUL _p19.99 _r0 _sY _tBOOK _u2015-6-25 _xBIBLIOTECA _zUNKNOWN _0COMPRA _o.STAFF. Colección General |
||
| 994 |
_aC0 _bPEPRU |
||
| 596 | _a1 | ||
| 999 |
_a286.732 B85 _wDEWEY _c43683 _i50946 _f2021-11-11 _g5 _lCCODEBUL1 _mBUL _p19.99 _r0 _sY _tBOOK _u2015-6-25 _xTEOLOGIA _zUNKNOWN _0COMPRA _o.STAFF. Colección General _d43683 |
||
| 980 |
_81 _gALBERTO SANCHEZ Responsable de Automatización |
||